Southville International School and Colleges
Your cart is empty.
  • Cart
  • Lists
    Public lists Eva Luna New books Lux_list list_1
    Your lists Log in to create your own lists
  • Log in to your account
  • Your cookies
  • Search history
Southville International School and Colleges
  • Advanced search
  • Recent comments
  • Most popular
  • Libraries

Log in to your account

Log in with GOOGLE


If you do not have an external account, but do have a local account, you can still log in:

  1. Home
  2. MARC view: Global marketing /
Normal view MARC view ISBD view

Global marketing / (Record no. 24829)

[ view plain ]
MARC details
000 -LEADER
fixed length control field 00543nam a2200205 a 4500
005 - DATE AND TIME OF LATEST TRANSACTION
control field 20140310183543.0
008 - FIXED-LENGTH DATA ELEMENTS--GENERAL INFORMATION
fixed length control field 111003s19uu xx 00 eng d
020 ## - INTERNATIONAL STANDARD BOOK NUMBER
International Standard Book Number 9789810697570
050 ## - LIBRARY OF CONGRESS CALL NUMBER
Classification number HF 1009.5
Item number .K4 2010
100 ## - MAIN ENTRY--PERSONAL NAME
Personal name Keegan, Warren
245 ## - TITLE STATEMENT
Title Global marketing /
Statement of responsibility, etc Warren Keegan and Mark Green.
250 ## - EDITION STATEMENT
Edition statement 5th ed.
260 ## - PUBLICATION, DISTRIBUTION, ETC. (IMPRINT)
Place of publication, distribution, etc Singapore :
Name of publisher, distributor, etc Prentica Hall,
Date of publication, distribution, etc 2010.
300 ## - PHYSICAL DESCRIPTION
Extent 643 p. :
Dimensions 26 cm.
521 ## - TARGET AUDIENCE NOTE
Target audience note
650 ## - SUBJECT ADDED ENTRY--TOPICAL TERM
Topical term or geographic name as entry element Global marketing
700 ## - ADDED ENTRY--PERSONAL NAME
Personal name Green, Mark
942 ## - ADDED ENTRY ELEMENTS (KOHA)
Koha item type Books
Source of classification or shelving scheme Library of Congress Classification
Call number prefix Foreign
Holdings
Withdrawn status Lost status Source of classification or shelving scheme Damaged status Home library Current library Shelving location Date acquired Total Checkouts Total Renewals Full call number Barcode Date last seen Date checked out Copy number Price effective from Koha item type
    Library of Congress Classification   College Library College Library General Circulation Section 10/03/2011 1 2 HF 1009.5 .K4 2010 C13523 05/15/2018 05/23/2016 1 10/18/2013 Books

Global marketing /

APA

Keegan W., Green M., . (2010). Global marketing. Singapore: Prentica Hall.

Chicago

Keegan Warren, Green Mark, . 2010. Global marketing. Singapore: Prentica Hall.

Harvard

Keegan W., Green M., . (2010). Global marketing. Singapore: Prentica Hall.

MLA

Keegan Warren, Green Mark, . Global marketing. Singapore: Prentica Hall. 2010.

  • Place hold
  • Print
  • Cite
  • Add to your cart (remove)
  • Save record
    BIBTEX Dublin Core MARCXML MARC (non-Unicode/MARC-8) MARC (Unicode/UTF-8) MARC (Unicode/UTF-8, Standard) MODS (XML) RIS
  • More searches
    Search for this title in:
    Other Libraries (WorldCat) Other Databases (Google Scholar) Online Stores (Bookfinder.com) Open Library (openlibrary.org)

Exporting to Dublin Core...

SOUTHVILLE LIBRARY

Southville International School and Colleges Library

1281 Tropical Ave. Cor. Luxembourg St., BF Homes International, Las Pinas City

Tel. No. 8256374 / 252358 Loc. 117/146

Powered by Koha